000 01247nam0a2200277 4500
001 RU\NLR\BIBL_A\011511986
005 20260407071633.0
035 _a(NLR Aleph) 011511986
090 _a12051824
_c12051824
100 _a20171102d1935 m y0rusy50 ca
101 0 _ache
102 _aRU
105 _aa z 000 y
200 1 _aБезнийн цамгилаш а, царци къисам латтор а
_fМ. Д. Лихтенбаум, А. А. Орлов
_gгочдинарг Ж. Закариев
210 _aСоьлж-ГIала
_cНохчгIалгIиздат
_d1935
215 _a74,[2] с.
_cил.
_d20
300 _aЛатин. графика
541 1 _aБолезни крупного рогатого скота и борьба с ними
_zrus
606 1 _aКрупный рогатый скот
_xБолезни
_xПрофилактика
_91442841
_3RU\NLR\AUTH\66610714
686 1 _aП871.11-7
700 1 _aЛихтенбаум
_bМ.Д.
_gМихаил Давидович
_4070
701 1 _4070
_7ca
_8rus
_aОрлов
_bА. А.
_cветеринар
_f1873-1945
_gАлексей Арсеньевич
_3RU\NLR\AUTH\770286728
_92686189
852 _aNLR
_bОНЛ
_jЧеч./2-333
942 _cBOOK
980 _aNB